| 000 | 00380 a2200157 4500 | ||
|---|---|---|---|
| 001 | 72218 | ||
| 020 | _a | ||
| 040 | _cAnchieta - Colégio São Paulo | ||
| 100 | _aVasconcellos, Cecíllia | ||
| 240 | 1 | 0 |
_aA verdadeira história da estátua _lpor |
| 245 | 1 | 0 | _aA verdadeira história da estátua |
| 300 | _a44 | ||
| 362 | 0 | _a1992 | |
| 650 | 4 | _aLiteratura infantil | |
| 942 | _cBK | ||
| 999 |
_c72218 _d72218 |
||